Missing Word: Les Misérables Songs Quiz Stats

 Plays Quiz Updated Jun 12, 2016

Challenge
Share
Tweet
Embed
Score 0/20 Timer 04:00
1 Play Today
Song Word % Correct
At The ___ Of The DayEnd
95.7%
On __ OwnMy
95.3%
Do You Hear The ______ SingPeople
92.1%
I _______ A DreamDreamed
91.7%
A _____ Full Of LoveHeart
91.6%
_____ Him HomeBring
90.1%
Empty ______ At Empty TablesChairs
89.9%
Master Of The _____House
89.8%
One ___ MoreDay
89.8%
Red And _____Black
87.2%
Song Word % Correct
___ Am IWho
85.2%
______ On A CloudCastle
82.8%
A Little Fall Of ____Rain
79.7%
______ LadiesLovely
76.2%
_______ SuicideJavert's
74.2%
____ DownLook
73.8%
_____ With MeDrink
65.7%
______ PeopleLittle
51.8%
________ ArrestFantine's
40.5%
The Attack On Rue ______Plumet
36%

Today's Daily Dose

You're not logged in!

Compare scores with friends on all Sporcle quizzes.
Join for Free
OR
Log In

You Might Also Like...

Show Comments

Extras

Top Quizzes Today


Score Distribution

Your Account Isn't Verified!

In order to create a playlist on Sporcle, you need to verify the email address you used during registration. Go to your Sporcle Settings to finish the process.

Report this User

Report this user for behavior that violates our Community Guidelines.

Details: